000
00277nam a22001217a 4500
040
_c
Nust
082
_a
530
_b
YOU
100
_a
Young, D Hugh
_9
112345
245
_a
University Physics
260
_a
California:
_c
2007.
650
_a
University Physics
_9
64550
942
_2
ddc
_c
BK
999
_c
609581
_d
609581